Statistiques concernant 15 principaux pays touchés par Covid-19 - 17 décembre

Cliquez ici pour prendre le quiz!

Statistiques générales

  • Ce quiz a été pris 20 fois
  • Le résultat moyen est 13 sur 28

Statistiques - réponses

pays% Correct
Etats-Unis
100%
France
100%
Allemagne
95%
Espagne
90%
Brésil
85%
Inde
85%
Italie
85%
Russie
85%
Mexique
75%
Royaume-Uni
70%
Argentine
60%
Suisse
60%
Pologne
55%
Belgique
50%
Turquie
50%
Pays-Bas
40%
Colombie
35%
Slovénie
20%
Iran
15%
Tchèquie
15%
Croatie
10%
Israël
5%
Arménie
0%
Bahreïn
0%
Géorgie
0%
Lituanie
0%
Panama
0%
Qatar
0%

Distribution des résultats

Percentile par nombre de réponses

% des personnes avec chaque résultat

Votre développement - résultats

Vous n’avez pas pris ce quiz